| 000 | 00533nam a2200181Ia 4500 | ||
|---|---|---|---|
| 999 |
_c10985 _d10985 |
||
| 003 | OSt | ||
| 005 | 20191218153611.0 | ||
| 008 | 190216s9999||||xx |||||||||||||| ||und|| | ||
| 020 | _a9788183871068 | ||
| 040 | _coclc | ||
| 082 |
_a338.10954 _bGUP/W |
||
| 100 |
_aGupta, Manoj Shankar _9528 |
||
| 245 | 0 |
_aWTO And Indian Economy / _cManoj Shankar Gupta |
|
| 260 |
_bSerials Publications, _c2008. _aNew Delhi: |
||
| 300 | _a476p | ||
| 650 | _aEconomics | ||
| 942 |
_cBK _2ddc _h338.10954 _iGUP/W _k338.10954 _mGUP/W |
||